Представление документа в формате RUSMARC

ПолеНазваниеЗначение
  Тип записи i
  Библиографический уровень m
001 Контрольный номер RU/IS/BASE/416593267
005 Дата корректировки 20250218120804.7
010 Индекс ISBN __
d Цена 152-69
101 Язык документа 0_
a Язык текста rus
200 Заглавие и сведения об ответственности 1_
a Заглавие Жук в муравейнике
e Сведения, относящиеся к заглавию [повесть : аудиокнига]
f Первые сведения об ответственности братья Стругацкие ; читает Владимир Левашев
b Общее обозначение материала Звукозапись
210 Выходные данные 1_
a Место издания М.
c Издательство АРДИС
c Издательство Геликон Плюс
d Дата издания 2012
215 Физическое описание __
a Объем 1 электрон. опт. диск (Audio CD) (8 ч. 15 мин.)
c Иллюстрации/тип воспроизводства stereo
225 Серия 2_
a Серия Фантастика и приключения
300 Общие примечания __
a Общие примечания CD-плеер с поддержкой MP3 или Pentium-233 с Windows 98-XP ; CD-ROM ; звуковая карта ; 160 Kbps ; 16 bit ; 44,1 kHz ; MP3
323 Примечание о главных создателях, исполнителях, участниках __
a Примечание о главных создателях, исполнителях, участниках Левашев, В. (читает)
330 Аннотация __
a Аннотация В основу сюжета положено захватывающее детективное расследование «Дела о подкидышах», тринадцати человеческих эмбрионах, найденных в саркофаге на безымянной планете. Все дети родились 6 октября 2138 года. Комиссия, созданная для их изучения, предположила, что «подкидыши» могут нести в себе скрытую программу, заложенную сверхцивилизацией Странников, и представлять потенциальную опасность. Как всегда у Стругацких, за внешней увлекательностью стоят глубокие этические и философские проблемы. Кто такие «подкидыши»: «жуки в муравейнике» или «хорьки в курятнике»? Имеет ли общество право пожертвовать человеческой жизнью ради сохранения своей безопасности? Как найти компромисс между принципами гуманизма и заботой об интересах всего человечества?
333 Примечание о целевом назначении __
a Примечание о целевом назначении 12+. Для детей старше 12 лет
606 Тематические рубрики __
a Основная рубрика Художественная литература
606 Тематические рубрики __
a Основная рубрика Русская литература XX в. (произведения)
610 Ключевые слова 0_
a Ключевые слова советская литература; фантастика; фантастическая литература; фантастические повести; тема будущего; тема человека; научная фантастика; тема цивилизации; тема человечества; тема спецслужб; тема космоса
686 Индексы других классификаций __
a Классификационный индекс 84(2Рос=Рус)6-445я04; ст84(2Рос=Рус)6-445я0
700 Автор _1
a Фамилия Стругацкий
b Имя А. Н.
g Полное личное имя Аркадий Натанович
4 Код отношения 070
701 Альтернативная интеллектуальная ответственность _1
a Фамилия Стругацкий
b Имя Б. Н.
g Полное личное имя Борис Натанович
4 Код отношения 070
801 Источник записи _0
a Страна RU
b Организация Муниципальное бюджетное учреждение культуры "Централизованная библиотечная система" г. Сургут (Центральная городская библиотека им. А. С. Пушкина)
g Правила каталогизации КиК/Котельникова
801 Источник записи _1
a Страна RU
b Организация Муниципальное бюджетное учреждение культуры "Централизованная библиотечная система" г. Сургут (Центральная городская библиотека им. А. С. Пушкина)
g Правила каталогизации КиК/Котельникова
852 Данные о местонахождении __
j Шифр хранения 84(2Рос=Рус)6-445я04
i Авторский знак С 87
901 Тип документа __
t Тип документа 0
903 Характеристики (МАРС) __
a Дата передачи 20130314
969 Тип издания __
a Тип издания аудиокнига; издание для слепых
990 Данные о заказе (DOS) __
j Количество экземпляров (DOS) 5
h N записи в КСУ для Б/У (DOS) 201303